Informe económico de Chile 1984
Сохранить в:
| Соавтор: | |
|---|---|
| Формат: | |
| Язык: | испанский |
| Опубликовано: |
Santiago
Banco Central de Chile
1985
|
| Предметы: | |
| Метки: |
Добавить метку
Нет меток, Требуется 1-ая метка записи!
|
MARC
| LEADER | 00000nam a2200000 a 4500 | ||
|---|---|---|---|
| 001 | UCT8706 | ||
| 003 | CL-VaPUC | ||
| 008 | 970326e19850000CL |||||||||||||||||spa|d | ||
| 082 | 0 | 4 | |a 339.383 |b BAN |2 21 |
| 110 | 2 | |a Banco Central de Chile |e author |9 380652 | |
| 245 | 1 | 0 | |a Informe económico de Chile 1984 |
| 300 | |a 138 p | ||
| 942 | |c BK | ||
| 945 | |d 19970326 00:00:00 |a paguirre | ||
| 260 | |a Santiago |b Banco Central de Chile |c 1985 | ||
| 650 | 7 | |a BANCOS CENTRALES |2 CL-VaPUC |9 325759 | |
| 650 | 0 | |a Política económica |9 255029 | |
| 650 | 0 | |a Política fiscal |9 317354 | |
| 650 | 7 | |a COMERCIO INTERNACIONAL |2 CL-VaPUC |9 380653 | |
| 650 | 7 | |a SISTEMAS FISCALES |2 CL-VaPUC |9 380309 | |
| 650 | 7 | |a RENTA |2 CL-VaPUC |9 358792 | |
| 650 | 0 | |a Dinero |9 314331 | |
| 650 | 7 | |a INTERESES |2 CL-VaPUC |9 358017 | |
| 651 | 7 | |a CHILE |2 CL-VaPUC |9 380654 | |
| 583 | |a last modification |c 19970326 00:00:00 |k Rodrigo Vera | ||
| 999 | |c 257192 |d 257190 | ||
| 952 | |0 0 |1 0 |4 0 |6 339_383000000000000_BAN_1985 |7 0 |8 A |9 280465 |a BIBDER |b BIBDER |d 2019-11-19 |i 1815644 |o 339.383 BAN 1985 |p 1815644 |r 2023-01-25 |w 2019-11-19 |y BK |k DER | ||
| 952 | |0 0 |1 0 |4 0 |6 339_383000000000000_BAN_1985 |7 0 |8 P |9 280466 |a BIBMEC |b BIBMEC |d 2019-11-19 |i 1325884 |o 339.383 BAN 1985 |p 1325884 |r 2019-11-19 |w 2019-11-19 |y BK |k MEC | ||